000 02218nas1a22003371i 4500
001 RU\NLR\Per\765533
005 20260406114347.0
011 _a2220-1769
035 _a(NLR Aleph) 003157916
090 _a3074179
_c3074179
100 _a20110511a20099999|||y0rusy50 ca
101 0 _arus
102 _aRU
110 _aau|||||||||
200 1 _aАктуальные проблемы высшего музыкального образования
_dActual problems of high musical education
_eнаучно-аналитический и научно-образовательный журнал
210 _aНижний Новгород
_c[б. и.]
_d2010 -
510 1 _aActual problems of high musical education
_zeng
606 1 _aВысшее музыкальное образование
_jПериодические издания
_91374598
_3RU\NLR\AUTH\66262520
606 1 _aМузыка
_jПериодические издания
_9888123
_3RU\NLR\AUTH\66429
686 1 _aЧ489.782я52
686 1 _aЩ31я52
712 0 2 _aНижегородская государственная консерватория им. М. И. Глинки
_9293716
_3RU\NLR\AUTH\8810564
852 _aNLR
_jП29/1610
942 _cJOURNAL
980 _aRUSPER